| Tag |
First Indicator |
Second Indicator |
Subfields |
| LEADER |
00000cam a2200000 a 4500 |
| 001 |
in00000637821 |
| 005 |
20151015054211.0 |
| 008 |
740204r19731607ne a 00110 engm |
| 010 |
|
|
|a 72006034
|
| 020 |
|
|
|a 902210561X
|
| 035 |
|
|
|a (OCoLC)01109651
|
| 035 |
|
|
|9 ACU7677AM
|
| 040 |
|
|
|a DLC
|c DLC
|d m.c.
|d TXA
|d UtOrBLW
|
| 049 |
|
|
|a TXAM
|c [1026968]
|
| 050 |
0 |
0 |
|a QL44
|b .T66 1607a
|
| 082 |
0 |
|
|a 599
|
| 100 |
1 |
|
|a Topsell, Edward,
|d 1572-1625?
|
| 245 |
1 |
4 |
|a The historie of fovre-footed beastes. :
|b Describing the true and liuely figure of euery beast, with a discourse of their seuerall names, conditions, kindes, vertues (both naturall and medicinall) countries of their breed, their loue and hate to mankinde, and the wonderfull worke of God in their creation, preseruation, and destruction /
|c Necessary for all diuines and students, because the story of euery beast is amplified with narrations out of Scriptures, Fathers, phylosophers, physitians, and poets: wherein are declared diuers Hyerogliphicks, emblems, epigrams, and other good histories, collected out of all the volumes of Conradvs Gesner, and all other writers to this present day. London, Printed by William Iaggard, 1607.
|
| 264 |
|
1 |
|a [Amsterdam] :
|b [Theatrum Orbis Terrarum];
|a [New York] :
|b [Da Capo Press],
|c [1973]
|
| 300 |
|
|
|a 757 pages :
|b illustrations ;
|c 31 cm.
|
| 336 |
|
|
|a text
|b txt
|2 rdacontent
|
| 337 |
|
|
|a unmediated
|b n
|2 rdamedia
|
| 338 |
|
|
|a volume
|b nc
|2 rdacarrier
|
| 490 |
1 |
|
|a The English experience, its record in early printed books published in facsimile,
|v no. 561
|
| 500 |
|
|
|a On spine: The foure-footed beastes.
|
| 500 |
|
|
|a STC 24123.
|
| 650 |
|
0 |
|a Mammals.
|
| 650 |
|
0 |
|a Zoology
|v Pre-Linnean works.
|
| 650 |
|
0 |
|a Monsters.
|
| 700 |
1 |
|
|a Gessner, Conrad,
|d 1516-1565.
|t Historia animalium.
|
| 830 |
|
0 |
|a English experience, its record in early printed books published in facsimile ;
|v no. 561.
|
| 999 |
|
|
|a MARS
|
| 999 |
f |
f |
|s 59df3e47-d6b6-38a4-a3ca-87850e3f489e
|i 488e5fda-f504-3b3d-93a1-f18616170515
|t 0
|
| 952 |
f |
f |
|p ric
|a Texas A&M University
|b Rellis Campus
|c Joint Library Facility
|d Remote Storage
|t 0
|e QL44 .T66 1607a
|h Library of Congress classification
|i unmediated -- volume
|m A14804927609
|
| 998 |
f |
f |
|a QL44 .T66 1607a
|t 0
|l Remote Storage
|